Επαγγέλματα που χάνονται

Αποθηκεύτηκε σε:
Λεπτομέρειες βιβλιογραφικής εγγραφής
Κύριος συγγραφέας: Χαρίσης, Απόστολος
Μορφή: Βιβλίο
Γλώσσα:Greek
Δημοσίευση: [Αθήνα] : Δημιουργία, c1996.
Έκδοση:2η εκδ.
Θέματα:
Ετικέτες: Προσθήκη ετικέτας
Δεν υπάρχουν, Καταχωρήστε ετικέτα πρώτοι!

MARC

LEADER 00000cam a2200000 i 4500
001 1/4309
008 000526s1996 gre d
035 |l 10061132 
040 |a GR-MY-UA  |b gre  |e aacr 
041 0 |a gre 
082 0 |a 305.5 
100 1 |a Χαρίσης, Απόστολος. 
245 1 0 |a Επαγγέλματα που χάνονται /  |c Απόστολου Αθ. Χαρίση.  
250 |a 2η εκδ.  
260 |a [Αθήνα] :   |b Δημιουργία,   |c c1996.  
300 |a 92 σ. :   |b εικ.  |c 23 εκ.  
650 0 0 |a Professions  |v Pictorial works. 
650 0 0 |a Occupations  |v Pictorial works. 
852 |a INST  |b LESVOS  |e 20000526  |h 305.5 ΧΑΡ  |p 005100026386  |q 005100026386  |t BK  |y 0 
901 |a BIBL1-2000-2 
909 |a Λ  |b 078130 
920 |a ΕΡΓΑΣΤΗΡΙΟ ΠΟΛΙΤΙΣΜΙΚΗΣ ΕΠΙΚΟΙΝΩΝΙΑΣ ΚΑΙ ΤΕΚΜΗΡΙΩΣΗΣ  |y ΛΕΣΒΟΣ  |z 2000-05 
970 |a ΤΖΑΦΕΡΗ  |b ΕΥΑΓΓΕΛΙΑ  |z 2000/05/26